Sin portada (Record no. 8461)

MARC details
000 -CABECERA
campo de control de longitud fija 00477nam a2200157 a 4500
001 - NÚMERO DE CONTROL
campo de control BRCA_8810
005 - FECHA Y HORA DE LA ÚLTIMA TRANSACCIÓN
campo de control 20190320210424.0
008 - DATOS DE LONGITUD FIJA--INFORMACIÓN GENERAL
campo de control de longitud fija 240417s--------sp-#######---#000-0#spa-#
041 ## - CÓDIGO DE LENGUA
Código de lengua del texto/banda sonora o título independiente lat
084 ## - OTRO NÚMERO DE CLASIFICACIÓN
Número de clasificación BE191
245 10 - MENCIÓN DE TÍTULO
Título Sin portada
300 ## - DESCRIPCIÓN FÍSICA
Extensión VIII, 395 p. (t.4)
Dimensiones 21.2 x 15 cm
500 ## - NOTA GENERAL
Nota general Estado físico: presenta encuadernación en pergamino, con hojas rotas, lomo semi desprendido, presencia del pez de plata y carece de portada
902 ## - CATALOGADOR
Iniciales CFM
942 ## - ELEMENTOS DE PUNTO DE ACCESO ADICIONAL (KOHA)
Fuente del sistema de clasificación o colocación Library of Congress Classification
Tipo de ítem Koha Libros
Holdings
Estado de retiro Estado de pérdida Estado dañado No para préstamo Localización permanente Ubicación/localización actual Fecha de adquisición Total de préstamos Signatura topográfica completa Código de barras Fecha visto por última vez Precio válido a partir de Tipo de ítem Koha
El ejemplar forma parte de la colección y puede ser consultado según las políticas vigentes.       Biblioteca del Museo Franz Mayer (Rogerio Casas-Alatriste) Biblioteca del Museo Franz Mayer (Rogerio Casas-Alatriste) 24/04/2017   BE191 CFM00137 22/03/2019 22/03/2019 Libros